Every street is paved with gold : (Record no. 2570)
[ view plain ]
| 000 -LEADER | |
|---|---|
| fixed length control field | 00728nam a22002177a 4500 |
| 003 - CONTROL NUMBER IDENTIFIER | |
| control field | OSt |
| 005 - DATE AND TIME OF LATEST TRANSACTION | |
| control field | 20260311141946.0 |
| 008 - FIXED-LENGTH DATA ELEMENTS--GENERAL INFORMATION | |
| fixed length control field | 260311b |||||||| |||| 00| 0 eng d |
| 020 ## - INTERNATIONAL STANDARD BOOK NUMBER | |
| International Standard Book Number | 9789812043481 |
| 040 ## - CATALOGING SOURCE | |
| Transcribing agency | UM |
| 050 ## - LIBRARY OF CONGRESS CALL NUMBER | |
| Classification number | DS922.42 |
| Item number | .K873 |
| 100 ## - MAIN ENTRY--PERSONAL NAME | |
| Personal name | Kim, Woo Choong. |
| 245 ## - TITLE STATEMENT | |
| Title | Every street is paved with gold : |
| Remainder of title | success secrets of a Korean entrepreneur / |
| Statement of responsibility, etc. | Kim Woo Choong ; with an introduction by Louis Kraar. |
| 260 ## - PUBLICATION, DISTRIBUTION, ETC. | |
| Place of publication, distribution, etc. | Kuala Lumpur : |
| Name of publisher, distributor, etc. | Times Books International, |
| Date of publication, distribution, etc. | 1992. |
| 300 ## - PHYSICAL DESCRIPTION | |
| Extent | 199p. : |
| Other physical details | ill. ; |
| Dimensions | 22cm. |
| 600 ## - SUBJECT ADDED ENTRY--PERSONAL NAME | |
| Personal name | Kim, Woo Choong. |
| 650 ## - SUBJECT ADDED ENTRY--TOPICAL TERM | |
| Topical term or geographic name entry element | Businessmen |
| General subdivision | Biography. |
| 650 ## - SUBJECT ADDED ENTRY--TOPICAL TERM | |
| Topical term or geographic name entry element | Businessmen |
| General subdivision | Biography. |
| Geographic subdivision | Korea |
| 650 ## - SUBJECT ADDED ENTRY--TOPICAL TERM | |
| Topical term or geographic name entry element | Entrepreneurship |
| Geographic subdivision | Korea. |
| 942 ## - ADDED ENTRY ELEMENTS (KOHA) | |
| Source of classification or shelving scheme | Library of Congress Classification |
| Koha item type | Books |
| Suppress in OPAC | No |
| Date last seen | Total checkouts | Full call number | Barcode | Price effective from | Koha item type | Lost status | Source of classification or shelving scheme | Damaged status | Not for loan | Collection | Withdrawn status | Home library | Current library | Shelving location | Date acquired | Cost, normal purchase price |
|---|---|---|---|---|---|---|---|---|---|---|---|---|---|---|---|---|
| 12/03/2026 | DS922.42.K873 1992 | 1002494 | 12/03/2026 | Books | Library of Congress Classification | Open Collection | Dato Maznah Library & Information Services | Dato Maznah Library & Information Services | CDEF History | 13/06/2006 | 49.80 |